000 00216nam a2200121Ia 4500
100 _a#N/A
650 _aComputer/ IT
942 _cBK
654 _adsp
245 _aDSP Primer
260 _b#N/A
546 _aENGLISH
999 _c18320
_d18320